សត្វល្អិតចង្រៃលើដំណាំបន្លែអំបូរ cucurbitaceae និង វិធានការកំចាត់ក្នុងលក្ខខ័ណ្ឌខេត្តកំពត (harmful insects on cucurbit vegetable crops and control measures in kampot province conditions) (Record no. 380)

000 -LEADER
fixed length control field 00679nam a22001577a 4500
003 - CONTROL NUMBER IDENTIFIER
control field OSt
005 - DATE AND TIME OF LATEST TRANSACTION
control field 20150913153610.0
008 - FIXED-LENGTH DATA ELEMENTS--GENERAL INFORMATION
fixed length control field 150913b xxu||||| |||| 00| 0 eng d
040 ## - CATALOGING SOURCE
Transcribing agency RUA
082 ## - DEWEY DECIMAL CLASSIFICATION NUMBER
Classification number AGR LIN 1998 B020 Or.3
100 ## - MAIN ENTRY--PERSONAL NAME
9 (RLIN) 401
Personal name LIN, LY.
245 ## - TITLE STATEMENT
Title សត្វល្អិតចង្រៃលើដំណាំបន្លែអំបូរ cucurbitaceae និង វិធានការកំចាត់ក្នុងលក្ខខ័ណ្ឌខេត្តកំពត (harmful insects on cucurbit vegetable crops and control measures in kampot province conditions)
260 ## - PUBLICATION, DISTRIBUTION, ETC. (IMPRINT)
Place of publication, distribution, etc. Phnom Penh
Name of publisher, distributor, etc. RUA
Date of publication, distribution, etc. 1998
300 ## - PHYSICAL DESCRIPTION
Extent 78p.
Other physical details ill.
Dimensions 29cm.
942 ## - ADDED ENTRY ELEMENTS (KOHA)
Source of classification or shelving scheme
Koha item type AGR

No items available.

មជ្ឈមណ្ឌលឯការនៃសាកលវិទ្យាល័យភូមិន្ទកសិកម្មចំការដូង

Powered by Koha